| 000 | 00909nas a2200313 4500 | ||
|---|---|---|---|
| 001 | BR9903538 | ||
| 003 | BR-BrBNA | ||
| 005 | 20231205101507.0 | ||
| 007 | ta | ||
| 008 | 230509b bl.|||p| |||| 00| 00por d | ||
| 040 |
_aBR-BrBNA _bpor _cBiblioteca Nacional de Agricultura |
||
| 041 | _a(Pt) | ||
| 072 | _aH10 | ||
| 100 | 1 | _aCaetano, A.C. | |
| 100 | 1 | _aBaldin, E.L.L. | |
| 100 | 1 | _aBoica Junior, A.L. | |
| 100 | 1 | _aLara, F.M. | |
| 245 | 1 | _aAvaliacao da resistencia de frutos de quatro genotipos de maracujazeiro a Leptoglossus gonagra Fabr. | |
| 650 | _aMaracuja | ||
| 650 | _aFruto | ||
| 650 | _aGenotipo | ||
| 650 | _aInseto | ||
| 650 | _aAntagonismo | ||
| 650 | _aVariedade Resistente | ||
| 650 | _aSao Paulo | ||
| 773 | 0 |
_tRevista de Agricultura (Brazil) _xISSN 0034-7655 _g(Jun 1999), v. 74(1) p. 45-53 _wBR9903538 |
|
| 909 |
_a202311 _bLúcia _c55 _dLúcia Elande |
||
| 942 |
_2AGRIS _n0 _cANA |
||
| 999 |
_c162182 _d162182 |
||